00456nam a2200133 a 450000100100000000500170001000800410002704000250006808200150009311000380010824500790014626000630022530000340028800002875720200930055123.0110412s2001 dr ac r 000 0 spa d aDO-SdBNPbspacBNPHU axxxxbI19f1 aConsejo del Liderazgo Demócrata00aIdeario :bfundamentos políticos de los centro demócratas dominicanos. aSanto Domingo :bConsejo del Liderazgo Demócrata,c2001. a36 p. :bil., retr. ;c29 cm.